Hindi ka vaishvik paridrishya (Record no. 136893)

MARC details
000 -LEADER
fixed length control field 00589nam a2200205Ia 4500
003 - CONTROL NUMBER IDENTIFIER
control field OSt
005 - DATE AND TIME OF LATEST TRANSACTION
control field 20260409145110.0
008 - FIXED-LENGTH DATA ELEMENTS--GENERAL INFORMATION
fixed length control field 210210b2008 xxu||||| |||| 00| 0 eng d
020 ## - INTERNATIONAL STANDARD BOOK NUMBER
International Standard Book Number 9788190661713
040 ## - CATALOGING SOURCE
Transcribing agency AL
041 ## - LANGUAGE CODE
Language code of text/sound track or separate title Hindi
082 ## - DEWEY DECIMAL CLASSIFICATION NUMBER
Classification number H891.9 BANH
100 ## - MAIN ENTRY--PERSONAL NAME
Personal name BANNE (Pandith)
9 (RLIN) 66784
Dates associated with a name बैन (पंडित)
245 ## - TITLE STATEMENT
Title Hindi ka vaishvik paridrishya
Remainder of title हिंदी का वैश्विक परिदृश्य
260 ## - PUBLICATION, DISTRIBUTION, ETC.
Place of publication, distribution, etc. Kanpur
Name of publisher, distributor, etc. Aman Prakashan
Date of publication, distribution, etc. 2008
300 ## - PHYSICAL DESCRIPTION
Extent 86
690 ## - LOCAL SUBJECT ADDED ENTRY--TOPICAL TERM (OCLC, RLIN)
Topical term or geographic name as entry element Hindi Criticism
9 (RLIN) 66785
906 ## - LOCAL DATA ELEMENT F, LDF (RLIN)
a 063523
942 ## - ADDED ENTRY ELEMENTS (KOHA)
Source of classification or shelving scheme Dewey Decimal Classification
Koha item type Book
Holdings
Withdrawn status Lost status Source of classification or shelving scheme Damaged status Not for loan Collection code Home library Current library Date acquired Source of acquisition Cost, normal purchase price Total Checkouts Full call number Barcode Date last seen Price effective from Koha item type
    Dewey Decimal Classification     Hindi St Aloysius Library St Aloysius Library 02/17/2021 Alka Prakashan Kanpur-208007 150.00   H891.9 BANH 063523 02/17/2021 02/17/2021 Book
    Dewey Decimal Classification     Hindi St Aloysius Library St Aloysius Library 02/17/2021 Aman Prakashan, Kanpur-208012 275.00   H891.9 BANH 068613 02/17/2021 02/17/2021 Book